Loading...
| Science - Other Science | 0 | 4 | 1 | 0 | 35 | 78 | 101.25 | 0 | 4 |
| Science - Chemistry | 0 | 3 | 0 | 3 | 30 | 123 | 133.00 | 0 | 2 |
| Science - Physics | 0 | 3 | 0 | 1 | 30 | 65 | 91.33 | 1 | 2 |
| Literature - British Literature | 0 | 3 | 0 | 1 | 30 | 103 | 115.00 | 1 | 2 |
| Religion | 0 | 2 | 0 | 0 | 20 | 85 | 102.00 | 0 | 1 |
| Literature - World Literature | 0 | 2 | 0 | 0 | 20 | 101 | 104.00 | 0 | 2 |
| Mythology | 0 | 2 | 0 | 1 | 20 | 136 | 141.00 | 0 | 1 |
| History - Other History | 0 | 2 | 0 | 1 | 20 | 108 | 116.50 | 0 | 0 |
| Pop Culture | 1 | 0 | 0 | 0 | 15 | 62 | 62.00 | 1 | 1 |
| Fine Arts - Other Fine Arts | 0 | 1 | 0 | 1 | 10 | 129 | 129.00 | 0 | 0 |
| Fine Arts - Visual Fine Arts | 0 | 1 | 0 | 1 | 10 | 143 | 143.00 | 0 | 1 |
| Other Academic | 0 | 1 | 0 | 0 | 10 | 87 | 87.00 | 0 | 1 |
| Science - Biology | 0 | 1 | 1 | 1 | 5 | 110 | 110.00 | 0 | 0 |
| Literature - European Literature | 0 | 1 | 1 | 0 | 5 | 124 | 124.00 | 0 | 1 |
| History - American History | 0 | 1 | 1 | 0 | 5 | 115 | 115.00 | 0 | 1 |
| Social Science | 0 | 1 | 1 | 0 | 5 | 93 | 93.00 | 0 | 0 |